Match the artists - Statistics

General Stats
  • This quiz has been taken 49 times
  • The average score is 13 of 16
Answer Stats
Picture Answer % Correct
Ed Sheeran
100%
Harry styles
98%
Adele
96%
Rihanna
96%
Billie eilish
91%
Dj khaled
89%
Selena gomez
89%
Sia
89%
Jay z
87%
John legend
87%
Pink
87%
Justin Timberlake
81%
Lady Gaga
81%
Olivia rodrigo
79%
Charlie puth
55%
Vanilla ice
36%
No matching quizzes found
Score Distribution
Percent of People with Each Score
Percentile by Number Answered
Your Score History
You have not taken this quiz